01146cam a22003614i 4500003000900000005001700009008004100026020001500067035002700082040003300109082001900142100002700161245003400188264004300222300003800265336002100303337002500324338002300349504002800372505024800400526001000648526001000658526001000668526001000678526000800688526000800696526000800704526000800712526000800720526000800728526000800736650004000744PE-LiUPU20250731173524.0150616s r 000 0 d a0830813969 a(Sirsi) i9780830813964 aPE-LiUPUbspacPE-LiUPUerda04a259.2bD642211 aDeVries, Mark,eautor.10aFamily Based; Youth Ministry. 1aIllinois :bInterVarsity Press,c1994. a210 páginas ;c21 centímetros atext2rdacontent aunmediated2rdamedia avolume2rdacarrier aIncluye bibliografía.0 aSomething's wrong: the crisis in traditional youth ministry.- Is anybody out There? The growth of teenage isolation.- The developmental disaster: the impact of teenage isolation.- It only makes sense: the vision of family-based youth ministry. aSEG42 aSEG41 aSEG40 aSEG39 aP94 aP87 aP86 aP85 aP77 aP76 aP3504aTRABAJO DE IGLESIA CON LA JUVENTUD.